| 000 | 00961nas a2200301 4500 | ||
|---|---|---|---|
| 001 | BR0102710 | ||
| 003 | BR-BrBNA | ||
| 005 | 20231205102257.0 | ||
| 007 | ta | ||
| 008 | 230509b bl.|||p| |||| 00| 00por d | ||
| 040 |
_aBR-BrBNA _bpor _cBiblioteca Nacional de Agricultura |
||
| 041 | _a(Pt) | ||
| 072 | _aP36 | ||
| 100 | 1 | _aCarvalho, M.P. | |
| 100 | 1 | _aHernani, L.C. | |
| 245 | 1 | _aParametros de erosividade da chuva e da enxurrada correlacionados com perdas de solo e erodibilidade de um latossolo roxo de Dourados (MS) | |
| 650 | _aChuva | ||
| 650 | _aLatossolo Roxo | ||
| 650 | _aErosao do Solo | ||
| 650 | _aManejo do Solo | ||
| 650 | _aModelo Matematico | ||
| 650 | _aErosao Hidrica | ||
| 650 | _aEnxurrada | ||
| 650 | _aMato Grosso do Sul | ||
| 773 | 0 |
_tRevista Brasileira de Ciencia do Solo (Brazil) _xISSN 0100-0683 _g(Jan-Mar 2001), v. 25(1) p. 137-146 _wBR0102710 |
|
| 909 |
_a202311 _bLúcia _c55 _dLúcia Elande |
||
| 942 |
_2AGRIS _n0 _cANA |
||
| 999 |
_c166726 _d166726 |
||